000 00380nam a2200145Ia 4500
008 231129s2010||||xx |||||||||||||| ||spa||
020 _a978-958-99339-1-6
040 _bspa
082 _a759.04 M798u
100 _aMontoya Zapata Javier
245 0 _aUrbe Abstractos
260 _c2010
264 _aGrafitel Litografí­a
942 _2ddc
_cBKS
999 _c26070
_d26070